| 000 | 00000nam##2200000za#4500 |
| 001 | 9.569898 |
| 003 | CaOODSP |
| 005 | 20210624182003 |
| 007 | cr ||||||||||| |
| 008 | 150406|1997||||xxc|||||o f|0| 0 eng|d |
| 040 | |aCaOODSP|beng |
| 043 | |an-cn--- |
| 086 | 1 |aNH18-1-2/72-1997E-PDF |
| 110 | 2 |aCanada Mortgage and Housing Corporation. |
| 245 | 10|aPlanning study of Native northern communities / |h[electronic resource]|cby Donna Diakun and Gino Pin ; Rae-Edzo chapter co-authored by John B. Zoe. |
| 260 | |aOttawa - Ontario : |bCanada Mortgage and Housing Corporation |cMay 1997. |
| 300 | |a206p.|bfigs., maps, photographs |
| 490 | 1 |aResearch report |
| 504 | |aBibliography. |
| 546 | |a(Résumé en français.) |
| 590 | |a11-25-Supp|b2011-10-31 |
| 720 | 1 |aDiakun, Donna |
| 720 | 1 |aPin, Gino |
| 720 | 1 |aZoe, John B. |
| 830 | #0|aResearch report (Canada Mortgage and Housing Corporation : Online)|w(CaOODSP)9.506068 |
| 856 | 40|ahttp://publications.gc.ca|qPDF|s9.40 MB|uhttps://publications.gc.ca/collections/collection_2011/schl-cmhc/nh18-1-2/NH18-1-2-72-1997-eng.pdf |